| 000 | 00613nam a2200205 a 4500 | ||
|---|---|---|---|
| 005 | 20210223131808.0 | ||
| 008 | 120809s2003 es r 000 0 spa d | ||
| 020 | _a8495601605 | ||
| 035 | _aUPN01000186040 | ||
| 049 | _aCG | ||
| 050 | 4 |
_aML410 C5.4 _bO7.2 |
|
| 100 | 1 |
_aOrga, Ates _933047 |
|
| 245 | 1 | 0 |
_aChopin / _cAtes Orga ; tr. de Africa Rubiés. |
| 260 |
_aBarcelona, Esp. : _bMa Non Troppo, _cc2003. |
||
| 300 |
_a206 p. : _bil. |
||
| 440 | 0 |
_aGrandes compositores. _pMúsica |
|
| 600 | 1 | 4 |
_aCHOPIN, FREDERIC, _d1810-1849 _912319 |
| 650 | 4 |
_aCOMPOSITORES - _zPOLONIA - _vBIOGRAFIA _921548 |
|
| 905 | _aLibro | ||
| 999 |
_c158143 _d158143 |
||